000 00854nam a22002777a 4500
001 7364
003 FISKH
005 20250710152123.0
008 250710b cb ||||| |||| 00| 0 eng d
020 _a033500980626
040 _aFISKH
_beng
_cFISKH
_dFISKH
050 _aPZ7.F3565 W
082 _a813.83
100 _aFerguson, Don
245 _aEeyore, be happy! :
_bWalt Disney's Winnie the Pooh /
_cWritten by Don Ferguson
260 _aNew York :
_bA Golden Book,
_c1991.
300 _a24 unnumbered pages :
_bcolor illustrations ;
_c21 cm
490 _aA little golden book
505 _aH
520 _aWinnie the Pooh and all his other friends try to help Eeyore be happy.
521 8 _a430
_bLexile estimate
521 8 _aH
_bRaz-Plus
650 _aLittle Golden Book
_vChildren's
942 _2ddc
_cBK
_n0
999 _c7364
_d7364